[Event "CHI-ch Absolute 2018"]
[Site "Santiago"]
[Date "2018.02.27"]
[Round "5"]
[White "Fuentes Parra, Victor Ignacio"]
[Black "Aguirre Contreras, Cristian"]
[Result "0-1"]
[WhiteElo "2148"]
[BlackElo "2272"]
[Annotator "TA"]
[PlyCount "76"]
[EventDate "2018.??.??"]
[EventType "tourn"]
[EventCountry "CHI"]
[SourceTitle "playchess.com"]
[Source "ChessBase"]
[SourceQuality "1"]

{[%evp 16,76,-15,-14,0,0,0,0,-10,0,0,0,0,-60,10,-70,16,2,16,10,19,-57,7,0,0,-114,-91,-141,-149,-418,-413,-403,-408,-410,-402,-376,-62,-85,-43,-67,-63,-85,-51,-64,0,-334,-206,-608,-603,-546,-547,-533,-590,-29970,-29970,-6483,-6483,-5785,-6287,-2729,-2665,-2549,-2418]} 1. d4 Nf6 2. Nf3 b6 3. Bf4 Bb7 4. e3 g6 5. h3 Bg7 6. Nbd2 O-O 7. Bd3 d6 8. O-O Nbd7 {A48: 1 d4 Nf6 2 Nf3 g6: Torre, London and Colle Systems} 9. Bh2 {LiveBook: 8 Games} (9. e4 Nh5 10. Be3 e5 11. c3 d5 12. dxe5 Nxe5 13. Nxe5 Bxe5 14. exd5 Bxd5 {½-½ (32) Ding,Y (2424)-Melia,S (2404) Riadh 2017}) 9... Qe8 10. Qe2 e5 $146 {The position is equal.} ({Predecessor:} 10... a6 11. e4 e5 12. dxe5 dxe5 13. g4 h5 14. g5 Nh7 15. Bc4 Qe7 16. Qe3 {0-1 (31) Kizatbay,A (1948)-Johannesson,O (2224) Drammen 2017}) 11. Ba6 Bxa6 12. Qxa6 e4 13. Ne1 $1 Qe7 14. b4 (14. a4 $11) 14... Rfe8 (14... c5 $15 15. bxc5 dxc5) 15. a4 (15. c3 $11) 15... g5 ({Better is} 15... c5 $15 16. c3 Nd5 17. bxc5 dxc5) 16. a5 g4 17. axb6 Nxb6 18. h4 (18. c4 $11) 18... Nh5 ({Black should try} 18... Nfd5 $15) 19. Qb5 $11 d5 20. Qc6 (20. c4 $11) 20... Bf8 ({Of course not} 20... Qxh4 $6 21. c4 $11) (20... Qxb4 {keeps more tension.} 21. c3 Qb2 22. Rxa7 Qxd2 23. Bxc7 Rf8) 21. Qxc7 Qxh4 22. Rxa7 $4 {[%mdl 8192]} (22. g3 $17 {was necessary.} Qf6 23. Qc3) 22... Re7 $19 23. Rxa8 Rxc7 24. Rxf8+ Kxf8 25. Bxc7 {[#]} Nd7 $2 $40 {[%mdl 128] Black mounts an attack.} ({Black should play} 25... g3 $1 $19 {[%csl Gg3][%cal Rh4h2]} 26. Nef3 exf3 27. Nxf3 Qf6) 26. Bd6+ Ke8 {[%mdl 1024] aiming for ...g3. Black has strong compensation.} 27. g3 Qf6 28. Bc5 $1 Qa6 29. Nb3 Ng7 (29... Qe2 $15) 30. Kg2 $2 {[%mdl 8192]} (30. Ng2 $11) 30... h5 31. Rh1 $2 (31. Kg1 Ne6 32. Ng2) 31... Qe2 {[#] And now ...Nf5 would win.} 32. Nc1 Qd1 33. Nb3 Nf5 34. b5 Nxe3+ 35. fxe3 Qe2+ {Black is clearly winning.} 36. Kg1 Qxe1+ 37. Kg2 Qe2+ 38. Kg1 Qd1+ {Precision: White = 30%, Black = 46%.} 0-1

[Event "CHI-ch Absolute 2018"]
[Site "Santiago"]
[Date "2018.02.27"]
[Round "6"]
[White "Henriquez Villagra, Cristobal"]
[Black "Garcia Cardenas, Pablo"]
[Result "1/2-1/2"]
[WhiteElo "2501"]
[BlackElo "2454"]
[Annotator "TA"]
[PlyCount "32"]
[EventDate "2018.??.??"]
[EventType "tourn"]
[EventCountry "CHI"]
[SourceTitle "playchess.com"]
[Source "ChessBase"]
[SourceQuality "1"]

{[%evp 26,32,52,50,60,67,69,-42,-5]} 1. e4 e5 2. Nf3 Nc6 3. Bb5 a6 4. Ba4 Nf6 5. O-O b5 6. Bb3 Bc5 7. a4 Rb8 8. c3 d6 9. d4 Bb6 10. a5 {C78: Ruy Lopez: Archangelsk and Möller Defences} Ba7 11. h3 O-O 12. Be3 Ra8 13. Nbd2 (13. Re1 h6 14. Nbd2 Re8 15. g4 Qe7 16. Nf1 Nd8 17. Ng3 c5 {0-1 (35) Caruana,F (2799)-Carlsen,M (2827) Douglas 2017}) 13... Bb7 14. Re1 {LiveBook: 15 Games} exd4 15. cxd4 Nb4 {[#]} 16. Qb1 $146 (16. Bg5 $14) ({Find the theoretical novelty and annotate with similar games:} 16. Bg5 h6 17. Bh4 Nd3 {0-1 (41) Bologan,V (2692)-Caruana,F (2652) Reggio Emilia 2009}) 16... h6 1/2-1/2

[Event "CHI-ch Absolute 2018"]
[Site "Santiago"]
[Date "2018.02.27"]
[Round "6"]
[White "Salinas Herrera, Pablo"]
[Black "Abarca Gonzalez, Nicolas"]
[Result "0-1"]
[WhiteElo "2453"]
[BlackElo "2388"]
[Annotator "TA"]
[PlyCount "70"]
[EventDate "2018.??.??"]
[EventType "tourn"]
[EventCountry "CHI"]
[SourceTitle "playchess.com"]
[Source "ChessBase"]
[SourceQuality "1"]

{[%evp 17,70,0,10,0,0,-10,0,0,0,-12,-12,-127,-112,-102,-106,-103,-114,-71,0,0,0,0,0,-1005,-1000,-923,-903,-891,-571,-571,-565,-570,-564,-557,-546,-981,-410,-410,-367,-422,-422,-399,-413,-417,-413,-396,-401,-373,-370,-904,-910,-918,-644,-1210,-1210]} 1. d4 d6 2. e4 g6 3. Nf3 Bg7 4. Be2 Nf6 5. Nc3 O-O 6. O-O a6 7. a4 Nc6 8. d5 {B08: Pirc-Ufimzew-Verteidigung} (8. h3 e5 9. dxe5 dxe5 10. Bc4 h6 11. Be3 Qe7 12. Qe2 Be6 13. Rfd1 Rad8 14. Bb3 Rfe8 15. Rxd8 Rxd8 16. Bxe6 Qxe6 {0-1 (68) Wang,H (2709)-Yu,Y (2751) Huaian 2017}) 8... Nb4 9. a5 e6 $1 {LiveBook: 17 Partien} 10. Bf4 {Die Stellung ist ausgeglichen.} exd5 11. exd5 Re8 $146 ({Vorgänger:} 11... Bf5 12. Ra4 Bxc2 13. Qd2 Bxa4 14. Nxa4 Nbxd5 {0-1 (24) Todorov,M (2228)-Raev,R (2240) Sunny Beach 2012}) 12. Bc4 Ne4 13. Be3 Bg4 (13... Nxc3 14. bxc3 Bxc3 15. Ra3 $16) 14. Na4 (14. Ra4 $11 {hält das Gleichgewicht.} Nxc3 15. bxc3 Bxc3 16. Qb1) 14... Bxf3 15. gxf3 Qh4 16. fxe4 Rxe4 17. Be2 Be5 (17... Rae8 $1 $17) 18. f4 $1 $11 Rxe3 19. fxe5 Rg3+ $40 {[%mdl 128] Schwarz hat was vor.} 20. Kh1 $2 {[%mdl 8192]} (20. hxg3 $11 Qxg3+ 21. Kh1 Qh3+ 22. Kg1 Qg3+ 23. Kh1 Qh3+ 24. Kg1 Qg3+) 20... Rh3 $1 $19 {[%cal Rh3h2]} 21. Ra3 Rxh2+ 22. Kg1 Rh1+ 23. Kg2 {[#]} Qh2+ $1 24. Kf3 Rxf1+ 25. Qxf1 Nxc2 26. Rd3 Qxe5 (26... Re8 $142 27. Qf2 Qxe5) 27. Qd1 Nb4 28. Rd4 c5 ({Weniger gut wäre} 28... Nc2 29. Rd3 $19) 29. dxc6 Nxc6 30. Rxd6 Re8 31. Nc3 {[#]} Qh2 $1 {zielt auf ...Se5+ ab.} 32. Rxc6 bxc6 33. Qd7 $2 (33. Ne4 Qe5 34. Qa4) 33... Re5 {Schwarz steht klar auf Gewinn.} 34. Bd3 Kg7 {...Dh5+ ist eine echte Drohung.} 35. Ne4 Rd5 {Precision: Weiß = 40%, Schwarz = 72%.} 0-1

[Event "CHI-ch Absolute 2018"]
[Site "Santiago"]
[Date "2018.02.27"]
[Round "6"]
[White "Perez Gormaz, Matias"]
[Black "Barria Zuniga, Daniel"]
[Result "1/2-1/2"]
[WhiteElo "2410"]
[BlackElo "2395"]
[Annotator "TA"]
[PlyCount "32"]
[EventDate "2018.??.??"]
[EventType "tourn"]
[EventCountry "CHI"]
[SourceTitle "playchess.com"]
[Source "ChessBase"]
[SourceQuality "1"]

{[%evp 12,32,3,8,8,14,6,14,26,25,27,19,23,0,0,0,4,6,8,10,4,0,0]} 1. Nf3 d5 2. d4 e6 3. Bf4 Nf6 4. e3 Be7 5. Nbd2 O-O 6. Bd3 b6 7. Ne5 {LiveBook: 7 Games. D02: 1 d4 d5 2 Nf3 sidelines, including 2...Nf6 3 g3 and 2...Nf6 3 Bf4} Ba6 (7... c5 8. Qf3 Ba6 9. Bxa6 Nxa6 10. c3 Rc8 11. a4 Nd7 12. Qe2 Nab8 13. O-O Nxe5 14. dxe5 f5 {1-0 (66) Gholami,A (2499)-Davtyan,A (2305) Al Ain 2018}) 8. Bxa6 Nxa6 9. O-O Nb8 10. c4 c5 $146 ({Predecessor:} 10... Nfd7 11. Qg4 Nxe5 12. Bxe5 Bf6 13. Bxf6 Qxf6 14. cxd5 exd5 {0-1 (62) Joensen,J (1936)-Dalsgard,A Faroe Islands 2008}) 11. dxc5 bxc5 12. Qc2 Qb6 {The position is equal.} 13. cxd5 exd5 14. e4 Nc6 15. Nxc6 Qxc6 16. exd5 Nxd5 1/2-1/2

[Event "CHI-ch Absolute 2018"]
[Site "Santiago"]
[Date "2018.02.27"]
[Round "6"]
[White "Lopez Silva, Hugo"]
[Black "Diaz Villagran, Robert"]
[Result "1-0"]
[WhiteElo "2389"]
[BlackElo "2317"]
[Annotator "TA"]
[PlyCount "113"]
[EventDate "2018.??.??"]
[EventType "tourn"]
[EventCountry "CHI"]
[SourceTitle "playchess.com"]
[Source "ChessBase"]
[SourceQuality "1"]

{[%evp 13,112,56,64,50,54,9,58,28,41,29,35,42,29,33,66,60,73,65,58,58,67,43,66,70,131,133,138,85,81,54,78,80,95,89,86,90,163,94,121,90,97,83,134,141,136,126,139,143,178,138,123,121,280,237,267,272,485,482,756,165,769,745,732,712,714,696,1121,1223,1199,1190,1138,1095,860,851,1423,1341,1088,1254,1043,1008,5269,5171,6087,2956,29970,29969,5837,5322,29972,29975,29979,29980,29980,29978,29978,29978,29978,29978,29979,29980,29999]} 1. e4 e6 2. d4 d5 3. Bd3 dxe4 4. Bxe4 Nf6 5. Bf3 Nc6 (5... Nbd7 6. Nc3 Rb8 7. Nge2 Be7 8. O-O O-O 9. Bf4 Bd6 10. Re1 b5 11. a3 Bb7 12. Bxb7 Rxb7 13. Qd3 Bxf4 14. Nxf4 {0-1 (42) Fedorchuk,S (2648)-Duda,J (2717) Katowice 2017}) 6. Ne2 {C01: French: Exchange Variation} e5 7. Bxc6+ bxc6 {LiveBook: 7 Games} 8. O-O {White is slightly better.} Bd6 9. Nbc3 $146 ({Find the theoretical novelty and annotate with similar games:} 9. dxe5 Bxe5 10. Qxd8+ Kxd8 11. Rd1+ Bd7 12. c4 Rb8 13. Nbc3 {1-0 (41) Kirchner,T (2290)-Giessmann,S (2209) Bayern 2016}) 9... Rb8 10. b3 Ba6 11. Re1 {Hoping for dxe5.} O-O 12. dxe5 Bxe5 13. Bf4 Bd6 14. Bxd6 cxd6 15. Nd4 $36 {[%mdl 2048] White has good play.} Qd7 16. Qf3 $1 Bb7 17. Qf4 {Black must now prevent Nf5.} Bc8 18. Rad1 Re8 (18... Rb7 $14) 19. Rxe8+ $16 Nxe8 20. h3 (20. Re1 $142) 20... c5 21. Nf3 {[%cal Bd4f3,Bf3d2,Bd2e4][%mdl 32]} Bb7 22. Nd2 Rd8 23. Nde4 {Threatens to win with Nxc5!} Qe7 24. Nd5 Qf8 {[#]} (24... Qe6 $16 25. c4 h6) 25. c4 ({White should play} 25. Nec3 $1 $18) 25... h6 26. g4 Bxd5 27. Rxd5 ({Of course not} 27. cxd5 $6 Qe7 $11) 27... Nc7 (27... Qe7 $142) 28. Rxd6 Ne6 29. Qe5 Rxd6 30. Qxd6 Qc8 31. Qe7 Qc6 {[#]} 32. f3 $1 Nf4 $2 (32... Ng5 $16 {was called for.}) 33. Qxc5 Qa6 34. Qb5 Ne2+ $2 (34... Qc8 35. Qe5 Nxh3+ 36. Kg2 Ng5 37. Nxg5 hxg5 38. Qxg5 Qd7) 35. Kf2 $18 Qxa2 (35... Qxb5 $142 36. cxb5 Nc1) 36. Qe8+ Kh7 37. Nf6+ gxf6 38. Qxf7+ ({Stronger than} 38. Qxe2 Qxb3 39. c5 a5 $14) 38... Kh8 39. Qxf6+ Kg8 40. Qg6+ Kf8 41. Qxh6+ Kf7 42. Qh5+ Kf6 43. Qf5+ Kg7 44. Qe5+ Kf7 45. Qxe2 Qxb3 {[%mdl 4096] Endgame KQ-KQ} 46. Qe3 Qa2+ 47. Kg3 a5 48. Qf4+ Kg7 49. Qe5+ Kf7 50. g5 Qxc4 51. Qxa5 {White mates.} Qf1 52. Qf5+ Kg7 53. Qf6+ Kg8 54. Qe6+ Kg7 55. Qe3 Kg6 56. h4 Kh5 57. Qe8# {Precision: White = 73%, Black = 30%.} 1-0

[Event "CHI-ch Absolute 2018"]
[Site "Santiago"]
[Date "2018.02.27"]
[Round "6"]
[White "Vergara Jofre, Felipe"]
[Black "Fuentes Parra, Victor Ignacio"]
[Result "1-0"]
[WhiteElo "2270"]
[BlackElo "2148"]
[Annotator "TA"]
[PlyCount "97"]
[EventDate "2018.??.??"]
[EventType "tourn"]
[EventCountry "CHI"]
[SourceTitle "playchess.com"]
[Source "ChessBase"]
[SourceQuality "1"]

{[%evp 12,96,46,47,64,52,89,89,98,100,106,64,138,72,99,77,83,76,96,87,131,76,85,77,75,86,148,160,180,154,191,183,236,200,263,252,314,205,297,243,216,210,517,385,462,227,420,218,385,82,79,0,43,23,1081,1080,1037,1041,986,837,947,959,841,0,0,0,329,317,303,304,209,79,499,135,183,0,0,0,286,158,187,196,29995,29996,29998,29999,29999]} 1. e4 e6 2. d4 d5 3. e5 c5 4. c3 Qb6 5. Nf3 cxd4 (5... Nc6 6. a3 c4 7. Nbd2 Na5 8. Be2 Bd7 9. O-O Ne7 10. Rb1 Qc7 11. Qe1 Nc8 12. Bd1 Nb6 13. h4 Be7 14. h5 h6 15. g3 Ba4 16. Bxa4+ Nxa4 17. Qd1 Qc6 18. Nh2 O-O-O {0-1 (46) Zhigalko,S (2641)-Akobian,V (2647) Riadh 2017}) 6. cxd4 {C02: Französische Verteidigung (Vorstoßvariante)} Bd7 7. Nc3 {LiveBook: 3 Partien} a6 8. Bd3 {Weiß steht etwas besser.} h5 $146 ({Vorgänger:} 8... Nc6 9. Bb1 Nge7 10. O-O Na7 11. b3 Rc8 12. Bb2 g6 13. Qd2 {½-½ (48) Forgacs,A (2170)-Torotto,A (2180) Hungary 2006}) 9. a3 Nh6 10. O-O Be7 11. h4 a5 (11... Nc6 $14) 12. Na4 (12. Bg5 $142 $1) 12... Qa7 13. Bg5 Nc6 14. Bxe7 Kxe7 15. Bc2 $36 {[%mdl 2048] Weiss hat starke Initiative.} b5 16. Nc5 (16. Nc3 $142 $1) 16... Rhc8 $16 17. Nxd7 Kxd7 18. Qd2 Ng8 (18... Ke7 $142) 19. Bd3 Rab8 20. Qf4 Ke8 21. Rac1 Nce7 (21... Nh6 {war nötig.} 22. Rc5 Ne7) 22. Qg5 g6 23. Qf4 b4 24. a4 Nf5 (24... b3 $142 25. Nd2 (25. Bb5+ Kf8 $16) 25... Qb6 26. Bb5+ Kf8 27. Nxb3 Kg7) 25. Bxf5 $1 $18 exf5 26. Ng5 Qd7 $2 (26... b3 {leistet mehr Widerstand.} 27. Qg3 Ne7) 27. Rc5 Rxc5 28. dxc5 (28. e6 $142 fxe6 29. dxc5) 28... Rc8 $2 {[#]} (28... Qc7 {kämpft weiter.} 29. Qd4 Qc6) 29. Re1 (29. e6 $142 $1 {[%mdl 512]} fxe6 30. Re1) 29... Qe7 $2 (29... Qc7 30. Rc1 Nf6) 30. Rc1 $2 (30. e6 $18 Kf8 31. Nxf7) 30... Rxc5 $16 31. Rxc5 (31. g3 $5 {[%cal Rc1c5]} Rxc1+ 32. Qxc1 $11) 31... Qxc5 32. e6 f6 $2 {[%mdl 8192]} (32... fxe6 $11 33. Nxe6 Qe7 34. Nc7+ Kf7) 33. Qb8+ $18 Ke7 34. Qb7+ Kd6 35. Qd7+ $1 Ke5 36. Nf3+ $1 Ke4 {[#]} 37. Qg7 $2 ({Der einzige Zug:} 37. Nd2+ $1 $18 Kf4 38. Nb3) 37... Qc1+ $11 38. Kh2 Qf4+ $2 {[%mdl 8192] [#]} (38... Nh6 $11 39. Ng5+ fxg5 40. Qxh6 Qxb2 41. Qxg5 Qe5+ 42. Qg3 f4 43. Qxg6+ Kd4) 39. Kh1 $1 $18 Qc1+ 40. Ng1 Qc8 41. Qd7 ({Bloß nicht} 41. Qxg6 $6 Ke5 $16) (41. Qa7 $18 {[%csl Gf2][%cal Ra7e3] bietet bessere Gewinnchancen.} Ke5 42. Qb6 (42. Qxa5 Qb7 $14)) 41... Qf8 $2 {[%mdl 8192]} (41... Qc5 $16 {ist zäher.}) 42. Nf3 $2 (42. Qc7 $18 {und Weiss behält klar die Oberhand.}) 42... Qc5 $16 43. Qg7 $2 ({Lieber} 43. Qb5 $18 {Droht Matt per De2+.} Qc1+ 44. Ng1 Qxb2 45. Qxa5 (45. f3+ Ke3 $11)) 43... Qc1+ $11 44. Ng1 $2 {[%mdl 8192]} (44. Kh2 $11 Nh6 45. Ng5+ fxg5 46. Qxh6 Qxb2 47. Qxg5 Qe5+ 48. Qg3) 44... Qc8 $1 $18 45. Qxg6 (45. Qa7 $18 {[%csl Gf2][%cal Ra7e3]} Ke5 46. Qb6 (46. Qxa5 Qb7 $14)) 45... Qxe6 46. Qxh5 {Und De2+ würde nun gewinnen.} Kd3 $2 (46... Kd4 $18 47. Nf3+ (47. Qd1+ Kc5 $16) 47... Kd3) 47. Qd1+ {Weiß setzt Matt.} Kc4 48. Qc2+ Kd4 49. Nf3# {Precision: Weiß = 48%, Schwarz = 35%.} 1-0

[Event "CHI-ch Absolute 2018"]
[Site "Santiago"]
[Date "2018.02.27"]
[Round "6"]
[White "Llorens Sepulveda, Marcelo"]
[Black "Aguirre Contreras, Cristian"]
[Result "1/2-1/2"]
[WhiteElo "2266"]
[BlackElo "2272"]
[Annotator "TA"]
[PlyCount "33"]
[EventDate "2018.??.??"]
[EventType "tourn"]
[EventCountry "CHI"]
[SourceTitle "playchess.com"]
[Source "ChessBase"]
[SourceQuality "1"]

{[%evp 13,14,47,38]} 1. e4 c6 2. Nc3 g6 3. d4 Bg7 4. h3 d5 5. e5 f6 6. Nf3 {B15: Caro-Kann: 3 Nc3: 3...g6 and 3...dxe4 4 Nxe4 Nf6 5 Nxf6+ exf6} Nh6 7. Bf4 O-O {LiveBook: 17 Games} {Predecessor:} 8. Qd2 $146 Nf7 9. O-O-O a5 10. Bd3 b5 11. Ne2 Na6 12. c3 b4 13. Qe3 bxc3 14. Nxc3 Nc7 15. Qe2 a4 16. Kb1 a3 17. b3 {0-1 (52) Rombaldoni,A (2505)-Bonafede,A (2339) Padova 2014} 1/2-1/2

[Event "CHI-ch Absolute 2018"]
[Site "Santiago"]
[Date "2018.02.28"]
[Round "7"]
[White "Garcia Cardenas, Pablo"]
[Black "Lopez Silva, Hugo"]
[Result "0-1"]
[WhiteElo "2454"]
[BlackElo "2389"]
[Annotator "TA"]
[PlyCount "176"]
[EventDate "2018.??.??"]
[EventType "tourn"]
[EventCountry "CHI"]
[SourceTitle "playchess.com"]
[Source "ChessBase"]
[SourceQuality "1"]

{[%evp 16,176,19,21,40,38,87,-16,0,0,71,78,93,65,341,336,320,335,316,187,310,187,205,0,207,0,186,58,71,33,256,244,302,288,291,277,327,325,285,46,97,-237,-233,-217,-223,-248,-202,-220,-31,-36,-53,-353,-353,-320,-249,-281,-120,-120,-120,-120,-78,-93,-68,-69,-34,-35,-30,-30,-30,-97,-72,-183,-183,-181,-144,-156,-144,-146,0,-125,0,-119,0,-90,280,-89,-77,-102,-69,-190,-190,-175,-181,-193,-165,-251,-251,-434,-251,-251,-251,-251,0,-240,0,-233,-181,-175,-160,-468,-468,-731,-724,-715,-697,-597,-592,-579,-564,-883,-883,-872,-841,-827,-816,-784,-593,-593,-556,-563,-535,-516,-446,-549,-446,-727,-708,-696,-684,-744,-711,-816,-816,-772,-710,-687,-670,-816,-640,-591,-524,-29978,-29979,-29979,-29980,-29981,-29982,-29982,-29981,-29983,-29984,-29984,-29985]} 1. d4 Nf6 2. c4 e6 3. Nc3 Bb4 4. Qc2 b6 5. e4 c5 6. d5 {E32: Nimzo-Indian: Classical (4 Qc2): 4...0-0} Qe7 (6... exd5 7. exd5 Qe7+ 8. Nge2 O-O 9. Bd2 d6 10. O-O-O Ng4 11. Be1 Nd7 12. Ng3 Ndf6 13. h3 Ne5 {1-0 (35) Zhou,J (2597)-Wei,Y (2743) Shenzhen 2017}) 7. Be2 exd5 8. exd5 Qe4 9. Qd2 {LiveBook: 10 Games} Bxc3 10. Qxc3 O-O 11. h3 $146 (11. f3 $16 Qe7 12. Kf1) ({Find the theoretical novelty and annotate with similar games:} 11. Nf3 d6 12. Bg5 Bf5 13. Bxf6 gxf6 {0-1 (29) Georgescu,T (2459)-Khismatullin,D (2628) Antalya 2017}) 11... d6 $11 12. Nf3 Re8 (12... b5 $11) 13. O-O $1 $16 Bxh3 ({Don't play} 13... Qxe2 14. Re1 $18) 14. Re1 $1 {aiming for Bf1.} Bf5 $2 {[%mdl 8192]} (14... Bc8 $14) 15. Bf1 $18 Qg4 {[#]} 16. Qxf6 $1 {[%mdl 512]} gxf6 17. Rxe8+ Kg7 18. Nh2 Qd4 19. Nf3 Qg4 20. Nh2 Qd4 $1 21. Be3 (21. a4 $1 $18) 21... Qxb2 $14 22. Re1 Bd7 $2 (22... b5 $1 $14) 23. Rd8 $18 Qb4 24. Nf3 b5 25. Bd2 Qa4 26. Re4 {Bh6+! would kill now.} h5 ({And not} 26... Qxa2 27. Bh6+ $1 {[%mdl 512]} Kxh6 28. Rg8 Bg4 29. Rexg4 Qxf2+ 30. Kxf2 bxc4 31. Rh4#) 27. Re7 $2 (27. Rh4 $18 Bg4 28. Nh2) 27... b4 $1 $14 28. Bf4 $2 {[%mdl 8192]} (28. Bh6+ $1 $16 Kxh6 29. Rxf7) 28... Nc6 $1 $19 {[%cal Rc6d8]} 29. Rxa8 Nxe7 30. Bxd6 Nc8 $1 {[%cal Rc8d6]} 31. Bxc5 Qa6 $2 (31... Qa5 $19 32. Be3 Qxa2) 32. Rb8 $1 $15 Qxa2 33. Rxb4 $2 {[%mdl 8192]} ({Better is} 33. Bxb4 $15 Qa1 34. c5) 33... Qa5 $19 34. Rb7 {Threatening Be3.} Qxc5 35. Rxd7 Nb6 (35... a5 $19 {Hoping for ...a4.} 36. Nh4 Kf8) 36. Rxa7 $17 Nxc4 37. Ra4 Nb6 38. Rf4 Qxd5 39. Nh4 Qg5 40. g3 $1 Nd7 {...Kg8 is the strong threat.} 41. Nf5+ Kf8 42. Bh3 (42. Be2 $11) 42... Ne5 43. Ne3 {[#]} (43. Kf1 $17) 43... h4 $1 $19 {[%cal Rh4g3]} 44. Rf5 (44. Rxh4 Nf3+) 44... Qh6 45. g4 Qg6 46. Kh2 Qh6 47. Kg1 $1 Qg6 48. Kh2 $1 Nd7 (48... Nc6 $17 49. Bg2 Ne7) 49. Kg1 (49. Rd5 $11 {keeps the balance.} Nb6 50. Rd8+ Kg7 51. Bf1) 49... Qh6 $2 {[%mdl 8192] [#]} (49... Kg7 $17 {Strongly threatening ...Ne5.} 50. Bg2 Nf8) 50. Kh2 $2 ({White must play} 50. Rd5 $1 $18) 50... Ke8 51. Kg1 Qf8 {And now ...Qb4 would win.} 52. Nd5 {[#]} (52. Ra5 $15 Qb4 53. Ra8+ Nb8 54. Bg2) 52... Qa3 $1 {[%cal Ra3h3]} 53. Kg2 Qb2 54. Kg1 Qd4 55. Kg2 (55. Kh2 $142) 55... Kf8 56. Kh2 $2 (56. Kg1) 56... Qe4 (56... Nc5 $142 57. Kg1 Ne4) 57. Kg1 Qe1+ 58. Kg2 Qe4+ 59. Kg1 $1 Qe1+ 60. Kg2 $1 Qe6 {White must now prevent ...Ne5.} 61. Kg1 Qc6 {Threatens to win with ...Ne5.} 62. Kh2 $2 (62. Bg2 $17 {is tougher.}) 62... Ne5 63. Bg2 (63. Ne3 $142 Nf3+ 64. Kh1) 63... Nxg4+ 64. Kh3 Nh6 65. Rf4 Qe6+ 66. Kxh4 Nf5+ 67. Rxf5 Qxf5 68. Kg3 Qe5+ 69. Kh3 Qe2 70. Kg3 Kg7 71. Ne3 Qh5 72. Be4 Qg5+ 73. Kf3 Kf8 74. Nf5 Ke8 75. Ng3 (75. Bc2 $142) 75... Kd7 76. Bf5+ Kc6 77. Bd3 Kd5 78. Kg2 Ke5 79. Kf3 Qh6 80. Kg2 Qf4 81. Be2 Qg5 82. Bd3 Kd4 83. Be4 {[#]} Qxg3+ $1 {[%mdl 512] Black mates.} 84. Kxg3 (84. fxg3 Kxe4) 84... Kxe4 85. Kg4 f5+ {[%cal Bf6f5,Bf5f4][%mdl 32]} 86. Kg5 Ke5 87. f3 f4 88. Kg4 f6 {Precision: White = 43%, Black = 41%.} 0-1

[Event "CHI-ch Absolute 2018"]
[Site "Santiago"]
[Date "2018.02.28"]
[Round "7"]
[White "Barria Zuniga, Daniel"]
[Black "Llorens Sepulveda, Marcelo"]
[Result "1/2-1/2"]
[WhiteElo "2395"]
[BlackElo "2266"]
[Annotator "ChessBase"]
[PlyCount "23"]
[EventDate "2018.??.??"]
[EventType "tourn"]
[EventCountry "CHI"]
[SourceTitle "playchess.com"]
[Source "ChessBase"]
[SourceQuality "1"]
[TimeControl "5400+30"]

1. d4 {[%emt 0:00:31]} Nf6 {[%emt 0:06:35]} 2. c4 {[%emt 0:00:11]} c5 {[%emt 0:00:26]} 3. d5 {[%emt 0:00:16]} b5 {[%emt 0:00:24]} 4. cxb5 {[%emt 0:00:20]} a6 {[%emt 0:00:15]} 5. Nc3 {[%emt 0:00:08]} d6 {[%emt 0:00:27]} 6. e4 {[%emt 0:00:23]} g6 {[%emt 0:00:24]} 7. Nf3 {[%emt 0:00:57]} Bg7 {[%emt 0:00:15]} 8. a4 {[%emt 0:08:23]} O-O {[%emt 0:01:00]} 9. Bd2 {[%emt 0:01:26]} axb5 {[%emt 0:04:23]} 10. Bxb5 {[%emt 0:00:26]} Na6 {[%emt 0:00:25]} 11. O-O {[%emt 0:00:17]} Nb4 {[%emt 0:00:17]} 12. h3 {[%emt 0:00:18]} 1/2-1/2